<?xml version="1.0" encoding="UTF-8"?>
<record
    xmlns:xsi="http://www.w3.org/2001/XMLSchema-instance"
    xsi:schemaLocation="http://www.loc.gov/MARC21/slim http://www.loc.gov/standards/marcxml/schema/MARC21slim.xsd"
    xmlns="http://www.loc.gov/MARC21/slim">

  <leader>00470nam a22001457a 4500</leader>
  <datafield tag="999" ind1=" " ind2=" ">
    <subfield code="c">5889</subfield>
    <subfield code="d">5889</subfield>
  </datafield>
  <controlfield tag="008">171026b        xxu||||| |||| 00| 0 eng d</controlfield>
  <datafield tag="020" ind1=" " ind2=" ">
    <subfield code="a">0-8213-4456-0</subfield>
  </datafield>
  <datafield tag="082" ind1=" " ind2=" ">
    <subfield code="a">338.9 GIB</subfield>
  </datafield>
  <datafield tag="100" ind1=" " ind2=" ">
    <subfield code="a">The World Bank</subfield>
  </datafield>
  <datafield tag="245" ind1=" " ind2=" ">
    <subfield code="a">Nongoernmental Organizations in World Bank</subfield>
    <subfield code="b">Supported Projects </subfield>
    <subfield code="c">The World Bank</subfield>
    <subfield code="h">English</subfield>
  </datafield>
  <datafield tag="260" ind1=" " ind2=" ">
    <subfield code="a">Washington DC</subfield>
    <subfield code="b">The World Bank </subfield>
    <subfield code="c">1999</subfield>
  </datafield>
  <datafield tag="300" ind1=" " ind2=" ">
    <subfield code="a">65p</subfield>
    <subfield code="b">ill</subfield>
    <subfield code="c">27cm</subfield>
  </datafield>
  <datafield tag="650" ind1=" " ind2=" ">
    <subfield code="2">Nongovernmental Organizations in World Bank </subfield>
  </datafield>
  <datafield tag="942" ind1=" " ind2=" ">
    <subfield code="2">ddc</subfield>
    <subfield code="c">BOOKS</subfield>
  </datafield>
  <datafield tag="952" ind1=" " ind2=" ">
    <subfield code="0">0</subfield>
    <subfield code="1">0</subfield>
    <subfield code="2">ddc</subfield>
    <subfield code="4">0</subfield>
    <subfield code="7">0</subfield>
    <subfield code="a">3000</subfield>
    <subfield code="b">3000</subfield>
    <subfield code="d">2017-10-26</subfield>
    <subfield code="l">0</subfield>
    <subfield code="o">338.9 GIB</subfield>
    <subfield code="p">10000001272</subfield>
    <subfield code="r">2017-10-26</subfield>
    <subfield code="w">2017-10-26</subfield>
    <subfield code="y">BOOKS</subfield>
  </datafield>
</record>
